Seinfeld Surnames Match Quiz Stats

 Plays Quiz Updated Mar 8, 2013

Score 0/37 Timer 05:00
1 Play Today
% Correct
Costanza
82.5%
Mischke
76%
Bania
74.7%
Puddy
74.6%
Hernandez
74.6%
Chiles
73.1%
Whatley
72.3%
Braun
70%
Davola
69%
Bhatt
69%
Ross
67.1%
Sacamano
66.4%
Kramer
62.8%
Klompus
55.2%
Seinfeld
51.1%
Kassem
50.5%
Mandelbaum
50.3%
Dalrymple
49.7%
Jarmel
49.5%
% Correct
Peterman
44.4%
Abbott
42.4%
Farkus
40.3%
Pitt
36.1%
Benes
34%
Cohen
30.9%
Weaver
29.2%
Moffit
23%
Choate
21.7%
Goldstein
21.3%
Van Camp
18.3%
Haffler
15.1%
Thayer
14.8%
Holland
14.6%
Penny
14.4%
Deensfrei
14%
Robbins
10.5%
Sanger
10.4%

You're not logged in!

Compare scores with friends on all Sporcle quizzes.
OR
Log In

Show Comments

Extras

Top Quizzes Today


Score Distribution

Your Account Isn't Verified!

In order to create a playlist on Sporcle, you need to verify the email address you used during registration. Go to your Sporcle Settings to finish the process.

Report this User

Report this user for behavior that violates our Community Guidelines.

Details: